书目信息 |
| 题名: |
FPGA现代数字系统设计
|
|
| 作者: | 孟宪元 , 钱伟康 编著 | |
| 分册: | ||
| 出版信息: | 北京 清华大学出版社 2019.04 |
|
| 页数: | 503页 | |
| 开本: | 26cm | |
| 丛书名: | 清华开发者书库 | |
| 单 册: | ||
| 中图分类: | TP332.1 | |
| 科图分类: | ||
| 主题词: | 可编程序逻辑器件--ke bian cheng xu luo ji qi jian--系统设计 | |
| 电子资源: | ||
| ISBN: | 978-7-302-49913-8 | |
| 000 | 01514nam 2200289 450 | |
| 001 | 1953496467 | |
| 005 | 20191106145155.64 | |
| 010 | @a978-7-302-49913-8@dCNY79.00 | |
| 099 | @aCAL 012019029886 | |
| 100 | @a20190320d2019 em y0chiy50 ea | |
| 101 | 0 | @achi |
| 102 | @aCN@b110000 | |
| 105 | @aak a 000yy | |
| 200 | 1 | @aFPGA现代数字系统设计@AFPGA xian dai shu zi xi tong she ji@e基于Xilinx可编程逻辑器件与Vivado平台@d= FPGA modern digital system design@ebased on Xilinx programmable logic device and Vivado platform@f孟宪元, 钱伟康编著@zeng |
| 210 | @a北京@c清华大学出版社@d2019.04 | |
| 215 | @a503页@c图@d26cm | |
| 225 | 2 | @a清华开发者书库@Aqing hua kai fa zhe shu ku |
| 320 | @a有书目 | |
| 330 | @a本书是以Xilinx公司全可编程FPGA和SoC为基础, 针对最新的设计工具软件--Vivado介绍FPGA设计理论与设计方法。全书分为8章, 包括现代数字系统设计技术概论、可编程逻辑器件、Verilog HDL硬件描述语言、Vivado设计流程、数字系统的设计与综合、基于FPGA的DSP系统设计、Zynq嵌入式系统设计技术和EGO1综合性设计项目举例。各章都安排了针对性强的已验证过的设计实例, 并附有Verilog HDL手册、EGO1开发板资料, 供师生在教学中选用。 | |
| 410 | 0 | @12001 @a清华开发者书库 |
| 510 | 1 | @aFPGA modern digital system design@ebased on Xilinx programmable logic device and Vivado platform@zeng |
| 606 | 0 | @a可编程序逻辑器件@Ake bian cheng xu luo ji qi jian@x系统设计 |
| 690 | @aTP332.1@v5 | |
| 701 | 0 | @a孟宪元@Ameng xian yuan@4编著 |
| 701 | 0 | @a钱伟康@Aqian wei kang@4编著 |
| 801 | 0 | @aCN@b人天书店@c20190320 |
| 905 | @aBZT@dTP332.1@e6 | |
| FPGA现代数字系统设计:基于Xilinx可编程逻辑器件与Vivado平台= FPGA modern digital system design:based on Xilinx programmable logic device and Vivado platform/孟宪元, 钱伟康编著.-北京:清华大学出版社,2019.04 |
| 503页:图;26cm.-(清华开发者书库) |
| ISBN 978-7-302-49913-8:CNY79.00 |
| 本书是以Xilinx公司全可编程FPGA和SoC为基础, 针对最新的设计工具软件--Vivado介绍FPGA设计理论与设计方法。全书分为8章, 包括现代数字系统设计技术概论、可编程逻辑器件、Verilog HDL硬件描述语言、Vivado设计流程、数字系统的设计与综合、基于FPGA的DSP系统设计、Zynq嵌入式系统设计技术和EGO1综合性设计项目举例。各章都安排了针对性强的已验证过的设计实例, 并附有Verilog HDL手册、EGO1开发板资料, 供师生在教学中选用。 |
| ● |
| 相关链接 |
|
|
|
正题名:FPGA现代数字系统设计
索取号:TP332.1/6
 
预约/预借
| 序号 | 登录号 | 条形码 | 馆藏地/架位号 | 状态 | 备注 |
| 1 | 860198 | 2000860198 | 第二书库/ [索取号:TP332.1/6] | 在馆 | |
| 2 | 860199 | 2000860199 | 第二书库/ [索取号:TP332.1/6] | 在馆 | |
| 3 | 860200 | 2000860200 | 第二书库/ [索取号:TP332.1/6] | 在馆 |